000 00530nam a2200181Ia 4500
008 191130s1967##################000#0#eng##
020 _a9780202307770
040 _aACL
_cACL
082 _a302 GOF
100 _aGoffman, Erving
245 _aInteraction Ritual: essays in face to face behavior
_cErving Goffman and Joel Best
260 _aChicago
_bAldine Publishing Co
_cc1967
300 _ax. ; 270 p. ; 24 cm
700 _aBest, Joel
990 _ab99e5626ac10000c18d6d1651b9ef255
991 _a228188
999 _c217073
_d217073